Wesele /

Guardat en:
Dades bibliogràfiques
Autor corporatiu: Wydawnictwo Greg
Altres autors: (filolo¿ơka) (Opracowanie), Ludwikowska, Jolanta (1962- ) (Ilustracje)
Format: Electrònic
Idioma:polonès
Publicat: Krak©đw : Wydawnictwo Greg, 2009.
Col·lecció:Lektura (Greg)
Matèries:
Etiquetes: Afegir etiqueta
Sense etiquetes, Sigues el primer a etiquetar aquest registre!

MARC

LEADER 00000am|aa2200000i||4500
001 991023773779705066
003 WA N
005 20260515140225.0
008 260314t pl ||||| |||| 00| u pol d
020 |a 8373271643 
020 |a 9788373271647 
035 |a 991023773779705066 
035 |a (PL-WaBN)b59243429-48omnis_nlop 
035 |a b59243429 
035 |a (OCoLC)750579127 
035 |a (PL)b0000005924342 
035 |a (EXLNZ-48OMNIS_NETWORK)9910272811005606 
040 |a WA N  |c WA N  |d WA N  |d KOSZ W 
041 |a pol  |b pol  |h pol 
044 |a pl 
080 |a 821.162.1-2  |a 821.162.1(091)-2"19"  |a (075.3-021.66) 
090 |c 10  |d 10 
100
245 |a Wesele / 
260 |a Krak©đw :  |b Wydawnictwo Greg,  |c 2009. 
300 |a [2], 221 strona :  |b ilustracje ;  |c 21 cm. 
490 |a Lektura z Opracowaniem 
500
504 |a Indeks. 
600 0 |d (1869-1907). 
650 1 7
650 |a Dramat (gatunek literacki) 
650 7 |a Inteligencja (socjologia) 
650 7
650 7
650 7 |a Literatura polska 
650 7 |a Symbolika 
650 7
651 7
700 |c (filolo¿ơka)  |e Opracowanie 
700 |a Ludwikowska, Jolanta  |d (1962- )  |e Ilustracje 
710 1 |a Wydawnictwo Greg 
830 |a Lektura (Greg) 
920 |a 83-7327-164-3 
920 |a 978-83-7327-164-7 
942 |c K 
952 |0 0  |1 0  |4 0  |6 R__7_000000000000000  |7 0  |9 30  |a RYT  |b RYT  |d 2026-03-15  |e 1/2026  |g 10.00  |l 0  |o R.7  |p 2000000000077  |r 2026-05-15 14:02:25  |w 2026-05-15  |y BK  |z da 
999 |c 30  |d 30